000
00393nam a2200145Ia 4500
008
090124s9999 xx 000 0 und d
082
_b
305203
245
_a
बाकी शुन्य
250
_a
1
260
_b
वालावलकर कमलेश
_c
2005
300
_a
520
630
_a
बाकी शुन्य
730
_a
बाकी शुन्य
942
_c
BOOK
999
_c
195181
_d
195181